Регионална библиотека "Любен Каравелов" - Русе

Perfect Happiness (Запис номер 128627)

MARC детайли
000 -Лидер
Контролно поле с фиксирана дължина 00753nam a2200265 c 4500
003 - Код на организацията, давaща контролен номер
Контролно поле BLK
005 - Дата и час на последна редакция
Контролно поле 20180420232154.0
008 - Елементи от данни с фиксирана дължина
fixed length control field 180409b bul|||||r ||||||| ||bul||
010 ## - Наследен системен номер
LC control number KNG00134352000
040 ## - Източник на каталожния запис
Идентификатор на билиотеката - собственик на записа BLK
041 ## - Код за език
Код за езика на текст/звукозапис или на отделно заглавие Английски
Код за езика КДБФ Английски
080 ## - УДК
Текстов определител УДК Английска литература
УДК код - определител по УДК 821.111
УДК определител -32
УДК - код + определител 821.111-32
100 1# - Редна дума - Автор
Автор Lively, Penelope
Авторска отговорност първи автор
R(LIN) 17135
139 ## - Редно поле
Редна дума Lively, Penelope
Авторски знак Liv - L 83
245 10 - Сведения за заглавието
Заглавие Perfect Happiness
Подзаглавни данни Novel
Редно поле (дума) Penelope Lively.
257 ## - Страна на издаване
Страна на създаване/издаване Великобритания
260 ## - Област на издателските данни
-- Harmondsworth
Име на издателя, разпространителя и проч. Penguin Books
Година на издаване 1985
300 ## - Физическа характеристика
Страници 204 p.
Размери/Мащаб 19 cm
380 ## - Жанр
Жанр Худож. лит.
852 ## - Местоположение
Форматна сигнатура Цб 81490
856 4# - Електронен адрес и достъп
Електронен формат pdf - файл
Път до файла /url/
856 4# - Електронен адрес и достъп
Електронен формат pdf - файл
Път до файла /url/
942 ## - АРТИКУЛИ
Вид на библиотечния материал Книги
Скрит в OPAC Не
944 ## - СЪЗДАВАНЕ И РЕДАКЦИЯ на ЗАПИСА
Създаване/Редакция Създаване
Дата на регистрацията/редакция 28.09.2012
Служител, извършил регистрацията/редакцията Геновева_Генчева
944 ## - СЪЗДАВАНЕ И РЕДАКЦИЯ на ЗАПИСА
Създаване/Редакция Редакция
Дата на регистрацията/редакция 28.09.2012
Служител, извършил регистрацията/редакцията
999 ## - СИСТЕМНИ КОНТРОЛНИ НОМЕРА
Koha biblionumber 128627
Koha biblioitemnumber 128627
Наличности
Код за отписване Код за изгубен артикул Код за повреда Коз за рестрикции Код за отдаване Артикулен № Име на библиотеката - собственик Име на библиотеката, в която се намира в момента Статус (Текущо местоположение) Дата на вписване в системата Местоположение - отдел Цена в лева Инвентарен номер Систематично азбучна сигнатура Баркод Номер на екземпляра Цена в евро Служебна бележка Служебен тип на артикула Източник на класификационната схема
  Не е изгубен Не е повреден без рестрикции заемане за дома 208982 Регионална библиотека "Любен Каравелов" Русе Регионална библиотека "Любен Каравелов" Русе ЧЧЗО - англ. ез. - Британски съвет 1985-01-01 ЧЧЗО - англ. ез. - Британски съвет 0.00 483836 Ч3 820-32/L 83 483836 1 0.00 N: стар фонд Дата: 01.01.1985 Дата инв: 13.03.2015 Бележки инв: Ч32015 Книги  
Изтеглен Не е изгубен Не е повреден без рестрикции заемане за дома 208983 Регионална библиотека "Любен Каравелов" Русе Регионална библиотека "Любен Каравелов" Русе Заемна - подръчен фонд 1985-01-01 Заемна - подръчен фонд 4.52 448631 П 820-32/L 83 448631 2 2.31 N: стар фонд Дата: 01.01.1985 Книги Universal Decimal Classification
Vip Innovations Ltd, Rousse, Bulgaria 2025